| 000 | 00686nam a2200181Ia 4500 | ||
|---|---|---|---|
| 003 | GCL | ||
| 005 | 20240530102509.0 | ||
| 008 | 140319s9999 xx 000 0 ara d | ||
| 040 |
_aGCL / _cGCL |
||
| 082 | 0 | 4 |
_a015 _bق/ك ف |
| 100 | 1 | _aكريسيليوس ، دانيال | |
| 245 | 1 | 0 |
_aفهرس وقفيات العصر العثمانى : _bالمحفوظة بوزارة الاوقاف ودار الوثائق التاريخية القومية بالقاهرة / _cكريسيليوس ، دانيال |
| 260 |
_aالقاهرة : _bدار النهضة العربية ، _c1992 |
||
| 300 |
_a103 ص؛ _c22 سم |
||
| 650 | 0 | 4 | _aالوقف |
| 650 | 0 | 4 | _aالفهارس |
| 942 |
_2ddc _cBK |
||
| 999 |
_c32683 _d32683 |
||